Catalog

Record Details

Catalog Search



Live and let pie  Cover Image Book Book

Live and let pie / Ellie Alexander.

Alexander, Ellie, (author.).

Summary:

Jules finds herself mixed up in two very different murder investigations when she finds a skull from the 1960s while on a picnic and her bitter landlord, Edgar, is murdered while trying to acquire a vacant lot near her bakeshop.

Record details

  • ISBN: 9781250159397
  • ISBN: 1250159393
  • Physical Description: 298 pages ; 18 cm.
  • Edition: St. Martin's Paperbacks edition.
  • Publisher: New York, NY : St. Martin's Paperbacks, 2019.
Subject: Capshaw, Jules (Fictitious character) > Fiction.
Divorced women > Fiction.
Bakeries > Fiction.
Murder > Fiction.
Genre: Detective and mystery fiction.

LDR 01519nam a2200385Ii 4500
001150365
003CONS
00520190308122144.0
008181221s2019 nyu 000 1 eng d
020 . ‡a9781250159397 ‡q(pbk.)
020 . ‡a1250159393 ‡q(pbk.)
035 . ‡a(CPomAG)LMN611212
043 . ‡an-us-or
05014. ‡aPS3601.L353755 ‡bL58 2019
08204. ‡a813/.6 ‡223
1001 . ‡aAlexander, Ellie, ‡eauthor.
24510. ‡aLive and let pie / ‡cEllie Alexander.
2463 . ‡aLive & let pie
250 . ‡aSt. Martin's Paperbacks edition.
264 1. ‡aNew York, NY : ‡bSt. Martin's Paperbacks, ‡c2019.
300 . ‡a298 pages ; ‡c18 cm.
336 . ‡atext ‡btxt ‡2rdacontent
337 . ‡aunmediated ‡bn ‡2rdamedia
338 . ‡avolume ‡bnc ‡2rdacarrier
4901 . ‡aA bakeshop mystery
520 . ‡aJules finds herself mixed up in two very different murder investigations when she finds a skull from the 1960s while on a picnic and her bitter landlord, Edgar, is murdered while trying to acquire a vacant lot near her bakeshop.
60010. ‡aCapshaw, Jules ‡c(Fictitious character) ‡vFiction.
650 0. ‡aDivorced women ‡vFiction.
650 0. ‡aBakeries ‡vFiction.
650 0. ‡aMurder ‡vFiction.
655 7. ‡aDetective and mystery fiction. ‡2lcgft
8001 . ‡aAlexander, Ellie. ‡tBakeshop mystery.
914 . ‡aSCP_LP
959 . ‡i32269001106015 ‡lF Ale ‡aAdult - Fiction ‡tFiction ‡g10.00
852 . ‡p32269001106015 ‡jF Ale ‡gAdult - Fiction ‡cFiction ‡y10.00 ‡bSBPL
901 . ‡a150365 ‡bUnknown ‡c150365 ‡tbiblio

Additional Resources